000 00767nam a2200253 a 4500
008
020 _a9780240810980 (pbk.)
049 _aMAIN
090 _aTK6557.5
_bREE
100 1 _aReese, David E.
245 1 0 _aAudio production worktext :
_bconcepts, techniques, and equipment /
_cDavid E. Reese, Lynne S. Gross, Brian Gross.
260 _aAmsterdam :
_bElsevier,
_c2009.
300 _a6th edition.
300 _axv, 260 p. :
_bill. ;
_c28 cm.
500 _a Includes index.
650 1 _aDigital Technology
_y2009.
700 _aGross, Brian.
700 _aGross, S. Lynne.
907 _a.b10272513
_b08-02-10
_c05-02-10
003
005 20230123125007.0
040 _cNUST
942 _cBOOKS
_kTK6557.5
_mREE
999 _c133835
_d133835